This is teaching / (Record no. 128113)

MARC details
000 -LEADER
fixed length control field 00656nam a22002297a 4500
005 - DATE AND TIME OF LATEST TRANSACTION
control field 20170124110035.0
010 ## - LIBRARY OF CONGRESS CONTROL NUMBER
LC control number 434158
020 ## - INTERNATIONAL STANDARD BOOK NUMBER
Terms of availability 00.00
035 ## - SYSTEM CONTROL NUMBER
System control number 434158
037 ## - SOURCE OF ACQUISITION
Source of stock number/acquisition Cen Lib/Ret
040 ## - CATALOGING SOURCE
Original cataloging agency DPL
Language of cataloging EN
082 ## - DEWEY DECIMAL CLASSIFICATION NUMBER
Classification number 371
Item number HAS
100 ## - MAIN ENTRY--PERSONAL NAME
Personal name Haskew, Laurence D.
9 (RLIN) 22438
245 ## - TITLE STATEMENT
Title This is teaching /
Statement of responsibility, etc by Laurence D Haskew
260 ## - PUBLICATION, DISTRIBUTION, ETC. (IMPRINT)
Place of publication, distribution, etc U. S. A
Name of publisher, distributor, etc Scott, Foresman and Company
Date of publication, distribution, etc 1956
300 ## - PHYSICAL DESCRIPTION
Extent xv,335p. :
Dimensions 24cm(Hb)
Other physical details ill.
490 ## - SERIES STATEMENT
Series statement The scott-foresman professional series
500 ## - GENERAL NOTE
General note Includes index
650 ## - SUBJECT ADDED ENTRY--TOPICAL TERM
Topical term or geographic name as entry element Teaching
9 (RLIN) 8075
650 ## - SUBJECT ADDED ENTRY--TOPICAL TERM
Topical term or geographic name as entry element Education -- United States
9 (RLIN) 16915
942 ## - ADDED ENTRY ELEMENTS (KOHA)
Source of classification or shelving scheme Dewey Decimal Classification
Koha item type English Books
Classification part 371
Call number suffix HAS
Holdings
Withdrawn status Lost status Damaged status Not for loan Home library Current library Date acquired Source of acquisition Cost, normal purchase price Total Checkouts Total Renewals Full call number Barcode Date last seen Date checked out Copy number Cost, replacement price Price effective from Koha item type Public note
Written off       Central Library Central Library 01/07/2015 Cen Lib/Ret 0.00 1 1 371 HAS 434158 20/03/2019 21/02/2019 1 0.00 01/07/2015 English Books Written off on approval by DLB (By Circulation); dtd 15-06-2023

© Delhi Public Library
Hit Counter
free hit counter